It looks like you're offline.
Open Library logo
additional options menu

MARC Record from Library of Congress

Record ID marc_loc_2016/BooksAll.2016.part27.utf8:2063745:799
Source Library of Congress
Download Link /show-records/marc_loc_2016/BooksAll.2016.part27.utf8:2063745:799?format=raw

LEADER: 00799pam a2200253 a 4500
001 98004895
003 DLC
005 19990716000000.0
008 980107r19981991maua a 000 1 eng
010 $a 98004895
020 $a0763606944
040 $aDLC$cDLC$dDLC
042 $alcac
050 00 $aPZ7.M6373$bOn 1998
082 00 $a[E]$221
100 1 $aMiller, Virginia.
245 10 $aOn your potty! /$cVirginia Miller.
250 $a1st U.S. paperback ed.
260 $aCambridge, Mass. :$bCandlewick Press,$cc1998.
300 $a1 v. (unpaged) :$bcol. ill. ;$c25 cm.
521 1 $a"Age 2 and up"--cover p. [4].
520 $aYoung bear Bartholomew finds that using his potty correctly is sometimes just a matter of the right timing.
650 1 $aToilet training$xFiction.
650 1 $aBears$xFiction.